gminy powiatu kieleckiego - Statystyki

Ogólne statystyki
  • Ten quiz został rozwiązany 593 razy
  • Średni wynik to 9 z 20
Odpowiedzi na mapie
Odpowiedzi zakodowano w zielono-czerwonej skali na mapie do tego quizu, zgodnie z poniższymi procentami.
 
Statystyki odpowiedzi
Gmina Odpowiedź % Poprawnych
miasto na prawach powiatu Kielce
92%
miejsko-wiejska Daleszyce
63%
miejsko-wiejska Morawica
52%
miejsko-wiejska Chęciny
49%
miejsko-wiejska Bodzentyn
46%
wiejska Masłów
46%
miejsko-wiejska Łagów
44%
wiejska Nowiny
43%
miejsko-wiejska Chmielnik
41%
wiejska Miedziana Góra
41%
wiejska Górno
40%
wiejska Zagnańsk
39%
wiejska Mniów
37%
miejsko-wiejska Nowa Słupia
37%
wiejska Piekoszów
37%
wiejska Łopuszno
36%
wiejska Raków
35%
wiejska Strawczyn
33%
wiejska Bieliny
31%
miejsko-wiejska Pierzchnica
19%
Nie znaleziono quizów pasujących do podanych kryteriów
Rozkład punktacji
Procent ludzi z każdym wynikiem
Percentyl według liczby udzielonych odpowiedzi
Twoja historia wyników
Nie rozwiązałeś tego quizu